[Event "Asian Juniors"]
[Site "Bikaner IND"]
[Date "2004.12.30"]
[Round "11"]
[White "Deepan,C"]
[Black "Rohit,G"]
[Result "1/2-1/2"]
[WhiteElo "2396"]
[BlackElo "2281"]

1.d4 Nf6 2.Bg5 Ne4 3.Bf4 c5 4.f3 Qa5+ 5.c3 Nf6 6.Nd2 cxd4 7.Nb3 Qd8 8.cxd4 d5
9.e3 Nc6 10.Bd3 e6 11.Ne2 Bb4+ 12.Nc3 Nh5 13.Bg3 Nxg3 14.hxg3 h6 15.Rc1 a6
16.Kf2 e5 17.dxe5 Nxe5 18.Rh4 Be7 19.Rd4 Be6 20.Be2 Nc6 21.Nxd5 Bxd5 22.Rxd5 Qb6
23.Nd4 O-O 24.Qb3 Qxb3 25.Nxb3 Bf6 26.Rd7 Rab8 27.Rb1 Rfd8 28.Rd2 Rbc8 29.a3 Kf8
30.Rbd1 Ke8 31.Nc5 Rxd2 32.Rxd2 Nd8 33.b4 Be7 34.Na4 Rc1 35.Nb6 Rc3 36.Rd3 Rc2
37.Nd5 Ne6 38.e4 Bd8 39.Rc3 Bb6+ 40.Ke1 Rxc3 41.Nxc3 Nc7 42.Bc4 Bd4 43.Kd2 h5
44.f4 Bf2 45.Ne2 b5 46.Bb3 Ke7 47.Kd3 f6 48.Bg8 Ne8 49.e5 g6 50.Ke4 Nc7 51.Kf3 Bb6
52.g4 hxg4+ 53.Kxg4 a5 54.Kf3 axb4 55.axb4 Na6 56.Nc3 Nxb4 57.Nxb5 g5 58.fxg5 fxe5
59.Ke4 Kf8 60.Bc4 Bd8 61.g6 Kg7 62.Bf7 Nc6 63.Nd6 Kf8 64.Kf5 Ne7+ 65.Kxe5 Bc7
66.Ke6 Bxd6 67.Kxd6 Nf5+ 68.Ke5 Nh6 69.Ke6 Kg7 70.Be8 Ng4 71.g3 Nf6 72.Bf7 Ne4
73.g4 Ng5+ 74.Ke7 Nf3 75.Ke6 Nh4  1/2-1/2

[Event "20th Open"]
[Site "Nice FRA"]
[Date "2004.12.30"]
[Round "7"]
[White "Scala,L"]
[Black "Sulava,N"]
[Result "0-1"]
[WhiteElo "2054"]
[BlackElo "2477"]

1.d4 Nf6 2.Bg5 Ne4 3.Bf4 c5 4.Nd2 Nxd2 5.Qxd2 cxd4 6.Bxb8 Rxb8 7.Qxd4 Qa5+
8.b4 Qc7 9.c3 e5 10.Qd2 d5 11.e3 Bd6 12.Bb5+ Ke7 13.Ne2 Be6 14.O-O Rbc8 15.Rac1 e4
16.h3 Qb6 17.Ba4 Bb8 18.Bb3 Qd6 19.f4 exf3 20.Rxf3 Rhd8 21.Nf4 g5 22.Nxe6 Qh2+
23.Kf2 fxe6 24.Qd4 Be5 25.Qd3 Bg3+ 26.Rxg3 Rf8+ 27.Ke2 Qxg3 28.Qxh7+ Rf7
29.Qg6 Qxg2+ 30.Kd3 Rcf8 31.Rc2 Qf1+ 32.Kd4 Rf4+ 33.exf4 Rxf4+ 34.Ke3 Rf3+
35.Kd2 Rf2+ 36.Ke3 Qe1+ 37.Kd4 Rf4+ 38.Kd3 Rf3+  0-1

[Event "11th Open"]
[Site "Verona ITA"]
[Date "2005.01.04"]
[Round "4"]
[White "Skembris,S"]
[Black "Miatello,A"]
[Result "1-0"]
[WhiteElo "2446"]
[BlackElo "2087"]

1.d4 Nf6 2.Bg5 Ne4 3.Bf4 c5 4.f3 Qa5+ 5.c3 Nf6 6.d5 e6 7.e4 exd5 8.e5 Nh5
9.Bc1 Qd8 10.g3 Nc6 11.Qxd5 Qe7 12.Be2 g6 13.f4 Ng7 14.Na3 d6 15.exd6 Qxd6
16.Qxd6 Bxd6 17.Be3 Nf5 18.Nb5 Nxe3 19.Nxd6+ Ke7 20.Nxc8+ Raxc8 21.Kf2 Nf5
22.Bg4 Kf6 23.Nf3 h5 24.Bh3 Rcd8 25.Rad1 Rhe8 26.Rxd8 Rxd8 27.Re1 b5 28.Re2 b4
29.Ng5 Nd6 30.Bg2 Na5 31.cxb4 cxb4 32.Bd5 Rd7 33.Rc2 Ndb7 34.Rd2 Kg7 35.Ke2 Re7+
36.Kd1 Nc5 37.b3 f6 38.Nf3 Re3 39.Nd4 Kh6 40.Nc2 Rc3 41.Nxb4 f5 42.Rc2 Rxc2
43.Nxc2 Ne4 44.Bxe4 fxe4 45.Kd2 Nb7 46.Ke3 Nd6 47.Kd4  1-0

[Event "Smartfish Masters"]
[Site "Drammen NOR"]
[Date "2005.01.05"]
[Round "9"]
[White "McShane,L"]
[Black "Lie,K"]
[Result "1/2-1/2"]
[WhiteElo "2629"]
[BlackElo "2474"]

1.d4 Nf6 2.Bg5 Ne4 3.Bf4 c5 4.f3 Qa5+ 5.c3 Nf6 6.Nd2 cxd4 7.Nb3 Qb6 8.Qxd4 Nc6
9.Qxb6 axb6 10.Nd4 Nxd4 11.cxd4 d5 12.e3 e6 13.Bd3 Bd7 14.Ne2 Bc6 15.Nc3 Kd7
16.g4 h6 17.Kf2 Ne8 18.e4 dxe4 19.fxe4 Nf6 20.Kf3 Bd6 21.Be3 Ke7 22.h3 Rhd8
23.Rhd1 b5 24.Nxb5 Nxe4 25.Bxe4 Bxb5 26.Bxb7 Rab8 27.Be4 f5 28.gxf5 exf5
29.Bxf5 Rf8 30.Ke4 Bc6+ 31.d5 Rb4+ 32.Rd4 Bxd5+ 33.Kxd5 Rxf5+ 34.Ke4 Re5+
35.Kd3 Rxe3+ 36.Kxe3 Bc5 37.Rd1 Rxb2 38.Kf3 Bxd4 39.Rxd4 Rxa2 40.Rb4 Kf6
41.Rb5 Ra3+ 42.Kg2 Kg6 43.Rb6+ Kh5 44.Rb5+ g5 45.Rb4 Ra2+  1/2-1/2

[Event "47th It"]
[Site "Reggio Emilia ITA"]
[Date "2005.01.05"]
[Round "8"]
[White "Miladinovic,I"]
[Black "Chatalbashev,B"]
[Result "1-0"]
[WhiteElo "2611"]
[BlackElo "2554"]

1.d4 Nf6 2.Bg5 Ne4 3.h4 c5 4.dxc5 Na6 5.Qd4 Naxc5 6.Nc3 Nxc3 7.Qxc5 Ne4 8.Qd5 Nxg5
9.hxg5 Qb6 10.O-O-O Qxf2 11.Rh3 e6 12.Qd2 Be7 13.Nf3 Qc5 14.e4 d6 15.e5 dxe5
16.Rh4 O-O 17.Bd3 h6 18.Rc4 Qd5 19.gxh6 g6 20.Qc3 b5 21.Bxg6 b4 22.Qe1 Qa5
23.Be4 Kh8 24.Bxa8 Ba6 25.Rd5 Qxa2 26.Qxe5+ f6 27.Qg3 Rg8 28.Rg4 Rc8 29.h7  1-0

[Event "HSK IM"]
[Site "Hamburg GER"]
[Date "2005.01.08"]
[Round "9"]
[White "Lindinger,M"]
[Black "Chevelevitch,E"]
[Result "0-1"]
[WhiteElo "2277"]
[BlackElo "2370"]

1.d4 Nf6 2.Bg5 Ne4 3.Bf4 c5 4.f3 Qa5+ 5.c3 Nf6 6.d5 Qb6 7.Bc1 d6 8.e4 g6
9.Nd2 Qc7 10.a4 Bg7 11.Nc4 Nbd7 12.Bg5 b6 13.Qd2 h6 14.Bf4 a6 15.Nh3 Rb8
16.Nf2 b5 17.axb5 axb5 18.Na3 c4 19.b4 cxb3 20.Nxb5 Qb6 21.Be2 Kf8 22.O-O Ba6
23.c4 Bxb5 24.cxb5 Ra8 25.Be3 Nc5 26.Bd4 Nfd7 27.Bxg7+ Kxg7 28.Qd4+ Kh7 29.Kh1 Ra2
30.Bc4 Rha8 31.Rab1 R8a4 32.Qc3 Rc2 33.Qxb3  0-1

[Event "HSK IM"]
[Site "Hamburg GER"]
[Date "2005.01.08"]
[Round "9"]
[White "Fries Nielsen,JO"]
[Black "Lanka,Z"]
[Result "1/2-1/2"]
[WhiteElo "2388"]
[BlackElo "2455"]

1.d4 Nf6 2.Bg5 Ne4 3.Bf4 c5 4.dxc5 e5 5.Qd5 exf4 6.Qxe4+ Be7 7.Qxf4 O-O 8.e3 Na6
9.Bxa6 Qa5+ 10.Nc3 bxa6 11.Ne2 Bb7 12.b4 Qd8 13.O-O a5 14.a3 axb4 15.axb4 a5  1/2-1/2

[Event "Michael Franett Mem"]
[Site "San Francisco USA"]
[Date "2005.01.08"]
[Round "7"]
[White "Bhat,V"]
[Black "Lobo,Ri1"]
[Result "1-0"]
[WhiteElo "2410"]
[BlackElo "2223"]

1.d4 Nf6 2.Bg5 Ne4 3.Bf4 d5 4.e3 e6 5.Bd3 Nf6 6.c4 Be7 7.Nc3 O-O 8.Nf3 c5
9.dxc5 Nc6 10.a3 Bxc5 11.Qc2 dxc4 12.Bxc4 Nh5 13.Rd1 Qe7 14.Bg5 f6 15.Bh4 g5
16.Bg3 Rd8 17.Rxd8+ Nxd8 18.Ne4 Bb6 19.Bd6 Qf7 20.g4 Ng7 21.h4 gxh4 22.Rxh4 Ne8
23.g5 f5 24.Nf6+ Nxf6 25.Ne5 Qg7 26.gxf6 Qxf6 27.Rh3 h6 28.Rg3+ Kh7 29.Ng4  1-0

[Event "It"]
[Site "Montreal CAN"]
[Date "2005.01.18"]
[Round "5"]
[White "Lawson,E"]
[Black "Mikhalevski,V"]
[Result "0-1"]
[WhiteElo "2373"]
[BlackElo "2553"]

1.d4 Nf6 2.Bg5 Ne4 3.Bf4 d5 4.e3 c5 5.Bd3 Nf6 6.dxc5 Nc6 7.Bb5 Bg4 8.Qd4 e6
9.b4 Be7 10.Nd2 Nd7 11.Bxc6 bxc6 12.e4 a5 13.a3 e5 14.Bxe5 Nxe5 15.Qxe5 O-O
16.Rb1 axb4 17.axb4 dxe4 18.Qxe4 Bh5 19.Ngf3 Bg5 20.Nxg5 Qxg5 21.f4 Qd8 22.O-O Qxd2
23.Rf2 Qc3 24.Qxc6 Ra1 25.Rff1 Rxb1 26.Rxb1 Qxc2 27.Re1 Qd2 28.Re8 Qc1+ 29.Kf2 Qxf4+
30.Ke1 Qxb4+ 31.Kf2 Qd4+ 32.Kg3 f6 33.Re4 Qd3+ 34.Kh4 Bf7 35.Qa4 g5+ 36.Kg4 f5+
37.Kxf5 Bb3+  0-1

[Event "Corus C"]
[Site "Wijk aan Zee NED"]
[Date "2005.01.20"]
[Round "5"]
[White "Georgiev,Vl"]
[Black "Spoelman,W"]
[Result "1-0"]
[WhiteElo "2517"]
[BlackElo "2381"]

1.d4 Nf6 2.Bg5 Ne4 3.Bf4 c5 4.f3 Qa5+ 5.c3 Nf6 6.d5 Qb6 7.b3 e6 8.e4 exd5
9.exd5 Bd6 10.Bg5 O-O 11.Bxf6 Re8+ 12.Ne2 gxf6 13.Nd2 Bf4 14.Nc4 Qd8 15.g3 b5
16.gxf4 bxc4 17.Kf2 d6 18.Ng3 cxb3 19.axb3 Nd7 20.Bb5 Rb8 21.Nf5 Kh8 22.Nxd6 Rf8
23.c4 f5 24.Nxf5 Qf6 25.Ng3 Qxf4 26.Bxd7 Bxd7 27.Rxa7 Bh3 28.Re1 Rfe8 29.Qa1+ f6
30.Ree7 h5 31.Rh7+ Kg8 32.Rag7+ Kf8 33.Rh8+ Kxg7 34.Nxh5+ Kxh8 35.Nxf4 Bc8
36.Qxf6+ Kg8 37.Qg6+ Kf8 38.Qd6+  1-0

[Event "Club Championship"]
[Site "Sao Paulo BRA"]
[Date "2005.01.26"]
[Round "6"]
[White "Vera,IJ"]
[Black "Aranha Filho,A"]
[Result "0-1"]
[WhiteElo "2247"]
[BlackElo "2274"]

1.d4 Nf6 2.Bg5 Ne4 3.Bf4 d5 4.f3 Nf6 5.Nc3 Bf5 6.e3 e6 7.Bd3 Be7 8.Bg3 a6
9.Nge2 Bxd3 10.Qxd3 c5 11.Nd1 Nc6 12.c3 O-O 13.O-O b5 14.a3 Qb6 15.Nf2 a5
16.h3 c4 17.Qc2 b4 18.a4 Bd8 19.e4 Bc7 20.Bxc7 Qxc7 21.e5 Nd7 22.f4 Ne7 23.Ng4 Nf5
24.Rf3 bxc3 25.bxc3 Rab8 26.Ng3 Nxg3 27.Rxg3 f5 28.Ne3 Qb6 29.Rf3 Qb2 30.Qxb2 Rxb2
31.Nd1 Rb3 32.Rf2 Rfb8 33.Rfa2 h6 34.g3 g5 35.Kf2 gxf4 36.gxf4 Kf7 37.Ke3 Nf8
38.Rd2 Rb1 39.Raa2 Ng6 40.Kf3 R8b3 41.Ke3 Nh4 42.Kf2 Rc1 43.Rac2 Ra1 44.Ra2 Rab1
45.Rac2 Ng6 46.Ke3 Ne7 47.Ke2 Ra1 48.Ra2 Rbb1 49.Rxa1 Rxa1 50.Rb2 Rxa4 51.Rb6 Ra2+
52.Ke1 a4 53.Ra6 a3 54.Ra7 Ke8 55.Ra8+ Kd7 56.Ra7+ Kd8 57.Ra6 Ng6 58.Rxe6 Nxf4
59.Rxh6 Nd3+ 60.Kf1 Rd2 61.Ne3 a2 62.Ra6 Rf2+ 63.Kg1 Re2 64.Nf1 Nc1 65.Ng3 Rc2
66.h4 Nb3 67.h5 Rc1+ 68.Kg2 a1=Q 69.Rxa1 Rxa1 70.h6 Kd7  0-1

[Event "Gibraltar Masters"]
[Site "Caleta ENG"]
[Date "2005.01.28"]
[Round "4"]
[White "Tolhuizen,L"]
[Black "Al Sayed,Mohamad"]
[Result "0-1"]
[WhiteElo "2288"]
[BlackElo "2463"]

1.d4 Nf6 2.Bg5 Ne4 3.Bf4 c5 4.d5 Qb6 5.Bc1 e6 6.f3 Nf6 7.Nc3 d6 8.e4 exd5
9.exd5 Be7 10.Bb5+ Nbd7 11.Be3 O-O 12.Bxd7 Nxd7 13.Rb1 Qa5 14.Ne2 Bh4+ 15.g3 Re8
16.Bd2 Be7 17.O-O b5 18.a3 Qb6 19.Be3 Bf8 20.Qc1 Ne5 21.b4 Nc4 22.Bf2 a6
23.a4 Bd7 24.Qf4 Qd8 25.axb5 axb5 26.bxc5 dxc5 27.Nxb5 Bxb5 28.Rxb5 Na3 29.Nc3 Nxb5
30.Nxb5 Ra2 31.c4 Rc2 32.h4 h6 33.g4 Be7 34.g5 hxg5 35.Qe4 Rxf2 36.Kxf2 Bf6
37.Qf5 g6 38.Qd3 gxh4 39.Re1 Rxe1 40.Kxe1 h3 41.Qd2 Be5 42.Kf1 Qh4  0-1

[Event "Corus C"]
[Site "Wijk aan Zee NED"]
[Date "2005.01.29"]
[Round "12"]
[White "Georgiev,Vl"]
[Black "L'Ami,E"]
[Result "1-0"]
[WhiteElo "2517"]
[BlackElo "2531"]

1.d4 Nf6 2.Bg5 Ne4 3.Bf4 c5 4.f3 Qa5+ 5.c3 Nf6 6.d5 Qb6 7.b3 e6 8.e4 exd5
9.exd5 d6 10.c4 Be7 11.Bd3 O-O 12.Ne2 Re8 13.Nbc3 Nbd7 14.Qc2 Bf8 15.g4 Ne5
16.Bxe5 Rxe5 17.f4 Rxe2+ 18.Nxe2 Bxg4 19.Rg1 Bxe2 20.Kxe2 Re8+ 21.Kf3 Qd8
22.Rae1 Rxe1 23.Rxe1 g6 24.Kg2 Nh5 25.Rf1 Bh6 26.f5 Qh4 27.Rf3 Qg4+ 28.Kf2 Bg7
29.Qe2 Be5 30.Qe4 Nf4 31.Rxf4 Bxf4 32.f6 h5 33.Qe8+ Kh7 34.Qxf7+ Kh6 35.Qg7+ Kg5
36.Qe7 Qh4+ 37.Kf1 Qh3+ 38.Ke1 Qxd3 39.f7+ Kg4 40.Qe6+ Kh4 41.f8=Q Qc3+ 42.Kf2  1-0

[Event "Oceania zt"]
[Site "Auckland NZL"]
[Date "2005.01.31"]
[Round "3"]
[White "Wallis,C"]
[Black "Charles,Ga"]
[Result "0-1"]
[WhiteElo "2051"]
[BlackElo "2178"]

1.d4 Nf6 2.Bg5 Ne4 3.Bf4 c5 4.f3 Nf6 5.dxc5 b6 6.e4 bxc5 7.Nc3 Nc6 8.Qd2 g6
9.Nd5 Nxd5 10.exd5 Nd4 11.c3 Nf5 12.g4 Nd6 13.Bxd6 exd6 14.O-O-O Bg7 15.Re1+ Kf8
16.h4 h5 17.g5 Qa5 18.Qe3 Ba6 19.Bxa6 Qxa6 20.Kb1 Rb8 21.Rh2 Kg8 22.Rhe2 Qc4
23.Qe4 Qxc3 24.Qc2 Kh7 25.Qxc3 Bxc3 26.Rc1 Bd4  0-1

[Event "Oceania zt"]
[Site "Auckland NZL"]
[Date "2005.02.01"]
[Round "5"]
[White "Depasquale,C"]
[Black "Charles,Ga"]
[Result "1-0"]
[WhiteElo "2333"]
[BlackElo "2178"]

1.d4 Nf6 2.Bg5 Ne4 3.Bf4 c5 4.f3 Nf6 5.d5 Qb6 6.Be5 d6 7.Bc3 Nbd7 8.e4 Qd8
9.a4 e6 10.dxe6 fxe6 11.Nh3 d5 12.e5 Ng8 13.f4 Nh6 14.Ng5 Nb8 15.Bd3 g6 16.Nxh7 Rxh7
17.Bxg6+ Nf7 18.Bxh7 Qh4+ 19.g3 Qxh7 20.Qd3 Qh3 21.Na3 a6 22.O-O-O Bd7 23.Qf1 Qh6
24.h4 Qh5 25.Rg1 Nh6 26.g4 Nxg4 27.Qf3 Nf6 28.Qxh5+ Nxh5 29.Rg8 Ke7 30.Bd2 Bg7
31.f5 exf5 32.Rg1 Kf7 33.Rd8 Bxe5 34.Rgg8 Bd6 35.Rh8 Nf6 36.h5 Ra7 37.h6 Nc6
38.h7 Nxd8 39.Rxd8 Nxh7 40.Rxd7+ Be7 41.Rxd5 Ke6 42.Rd3 Ra8 43.Re3+ Kf7 44.Rb3 Rg8
45.Kb1 Rg1+ 46.Ka2 Rd1 47.Nc4 Nf6 48.Rxb7 Nd5 49.Kb3 f4 50.Ra7 Nb6 51.Ne5+ Ke6
52.Bxf4 Rd4 53.Rxe7+ Kxe7 54.Nc6+ Kd7 55.Nxd4 cxd4 56.Be5 d3 57.cxd3 Kc6
58.Bg3 Nd5 59.Bf2 Nf4 60.Kc4 Ng6 61.Bg3 Ne7 62.b4 Nf5 63.Bf4 Ng7 64.d4 Ne8
65.Be5  1-0

[Event "ch-FRA Top 16 GpB"]
[Site "Vandoeuvre FRA"]
[Date "2005.02.05"]
[Round "2"]
[White "Wirig,A"]
[Black "Bauer,Ch"]
[Result "0-1"]
[WhiteElo "2396"]
[BlackElo "2636"]

1.d4 Nf6 2.Bg5 Ne4 3.Bf4 c5 4.f3 Qa5+ 5.c3 Nf6 6.Nd2 cxd4 7.Nb3 Qf5 8.Bxb8 Rxb8
9.Qxd4 b6 10.e4 Qf4 11.Nh3 Qc7 12.e5 Ng8 13.f4 e6 14.Ng5 Ne7 15.Bd3 h6 16.Ne4 Nf5
17.Qf2 d5 18.exd6 Nxd6 19.O-O-O Nxe4 20.Bxe4 Bd6 21.g3 O-O 22.Kb1 b5 23.Qe2 Be7
24.Bc2 b4 25.cxb4 Rxb4 26.h4 Qb6 27.Qd3 f5 28.Rhe1 Bf6 29.Qd6 a5 30.Qxb6 Rxb6
31.a3 Ba6 32.Nd4 Bc4 33.Rd2 Rfb8 34.Kc1 Rxb2 35.Nc6 R8b6 36.Ne5 Ra2 37.Rd4 Bd5
38.Re3 Bxe5  0-1

[Event "XII TCh-RUS 1st League"]
[Site "Smolensk RUS"]
[Date "2005.02.07"]
[Round "6"]
[White "Kalugin,S"]
[Black "Danin,A"]
[Result "1-0"]
[WhiteElo "2454"]
[BlackElo "2413"]

1.d4 Nf6 2.Bg5 Ne4 3.Bh4 c5 4.f3 g5 5.fxe4 gxh4 6.e3 Bh6 7.Qd3 cxd4 8.exd4 Qb6
9.Nc3 Qxb2 10.Rb1 Qa3 11.Nf3 Nc6 12.Rb3 Qa5 13.Rb5 Qa3 14.Rb3 Qa5 15.Be2 d6
16.Rb5 Qa3 17.O-O a6 18.Rb3 Qa5 19.Nxh4 e6 20.d5 Ne5 21.Qg3 Qc5+ 22.Kh1 Qe3
23.dxe6 fxe6 24.Qe1 Qg5 25.Na4 Rf8 26.Rxf8+ Bxf8 27.Nb6 Rb8 28.Nf3 Nxf3 29.Rxf3 Qc5
30.Qb1 Be7 31.Rh3 Qf2 32.Bg4 Bd7 33.Nxd7 Kxd7 34.Rh6 Bf6 35.Rxh7+ Kc6 36.Bxe6 Bd4
37.Bd5+  1-0

[Event "GM"]
[Site "Nancy FRA"]
[Date "2005.02.14"]
[Round "1"]
[White "Miladinovic,I"]
[Black "Tirard,H"]
[Result "1-0"]
[WhiteElo "2611"]
[BlackElo "2461"]

1.d4 Nf6 2.Bg5 Ne4 3.Bf4 d6 4.Nd2 Bf5 5.Nxe4 Bxe4 6.f3 Bg6 7.h4 h6 8.h5 Bh7
9.e3 Nd7 10.Bd3 Bxd3 11.Qxd3 e6 12.O-O-O Be7 13.g4 c6 14.Ne2 d5 15.e4 Qa5
16.Kb1 O-O-O 17.exd5 cxd5 18.c4 Nb6 19.c5 Nd7 20.Nc3 Nb8 21.Nb5 a6 22.Na7+ Kd7
23.Qb3  1-0

[Event "GM"]
[Site "Nancy FRA"]
[Date "2005.02.16"]
[Round "4"]
[White "Miladinovic,I"]
[Black "Marzolo,C"]
[Result "1-0"]
[WhiteElo "2611"]
[BlackElo "2428"]

1.d4 Nf6 2.Bg5 Ne4 3.h4 c5 4.dxc5 Qa5+ 5.Nd2 Nxg5 6.hxg5 g6 7.Rh4 Nc6 8.Rc4 d5
9.cxd6 Be6 10.c3 exd6 11.Rf4 Qxg5 12.g3 Qe7 13.Bg2 Bg7 14.Nc4 O-O 15.Ne3 Rac8
16.Nd5 Qd8 17.Qa4 a6 18.Rd1 g5 19.Re4 Bf5 20.Re3 Kh8 21.Nf3 Ne5 22.Nxe5 Bxe5
23.Qb4 Be6 24.Nb6  1-0

[Event "71st ch-BRA"]
[Site "Sao Paulo BRA"]
[Date "2005.02.16"]
[Round "4"]
[White "Matsuura,F"]
[Black "Asfora,M"]
[Result "1-0"]
[WhiteElo "2280"]
[BlackElo "2308"]

1.d4 Nf6 2.Bg5 Ne4 3.Bh4 d5 4.f3 Nd6 5.Nc3 c6 6.e4 Qa5 7.Qd2 e6 8.Nh3 b5
9.exd5 b4 10.Ne4 cxd5 11.Nxd6+ Bxd6 12.Qg5 Rg8 13.O-O-O Nc6 14.Kb1 Be7 15.Qh5 h6
16.Bd3 Bxh4 17.Qxh4 Qd8 18.Qg3 Kf8 19.Rhe1 a5 20.Bb5 Na7 21.Ba4 Ba6 22.Nf4 Bc8
23.Nd3 g6 24.Nc5 Kg7 25.h4 Rf8 26.Re5 Qe7 27.h5 g5 28.f4 f6 29.Re3 Rd8 30.Rde1 Rd6
31.f5 Nc6 32.Bxc6 Rxc6 33.fxe6 Ba6 34.Qf3 Re8 35.Qxd5 Rd6 36.Qf5 Kh8 37.Qg6 Bc4
38.Qxh6+ Kg8 39.Nd7 Rxe6 40.Rxe6 Bxe6 41.Nxf6+ Kf7 42.Qg6+ Kf8 43.Qxe8+  1-0

[Event "21st Open"]
[Site "Cappelle la Grande FRA"]
[Date "2005.02.18"]
[Round "8"]
[White "Kazhgaleyev,M"]
[Black "Brodsky,M"]
[Result "0-1"]
[WhiteElo "2613"]
[BlackElo "2515"]

1.d4 Nf6 2.Bg5 Ne4 3.Bf4 c5 4.f3 Qa5+ 5.c3 Nf6 6.d5 Qb6 7.b3 e6 8.e4 exd5
9.exd5 Bd6 10.Bg5 Be7 11.c4 O-O 12.Nc3 Re8 13.Be2 d6 14.Qc2 Na6 15.a3 Bd7
16.Bd2 Qd8 17.g4 b5 18.Nh3 b4 19.Na2 Nxg4 20.fxg4 Bh4+ 21.Nf2 Bxg4 22.O-O-O Bxe2
23.Nd3 Bxd1 24.Qxd1 Bg5 25.axb4 Nxb4 26.Naxb4 cxb4 27.Nxb4 Bxd2+ 28.Qxd2 Qb6  0-1

[Event "4th It"]
[Site "Sao Jose de Rio Preto BRA"]
[Date "2005.02.19"]
[Round "8"]
[White "Valiente,C"]
[Black "Crosa,M"]
[Result "1/2-1/2"]
[WhiteElo "2321"]
[BlackElo "2401"]

1.d4 Nf6 2.Bg5 Ne4 3.Bf4 c5 4.f3 Nf6 5.c3 d5 6.e3 Nc6 7.Bd3 e6 8.Ne2 Nh5
9.Be5 Qg5 10.g4 f6 11.Bc7 Kd7 12.Bf4 Nxf4 13.exf4 Qh4+ 14.Kd2 Bd6 15.Qg1 c4
16.Bc2 h5 17.Na3 a6 18.Rf1 Kc7 19.gxh5 Bxf4+ 20.Kd1 Rxh5 21.Qxg7+ Bd7 22.Nxf4 Qxf4
23.Qg3 Qd6 24.Qxd6+ Kxd6 25.f4 Rg8 26.Rf2 e5 27.fxe5+ fxe5 28.dxe5+ Nxe5
29.Kc1 Bg4 30.Re1 Nf3 31.Rh1 Rgh8 32.Bd1 Ne5 33.Rf6+ Kc5 34.b4+ cxb3 35.axb3 a5
36.b4+ axb4 37.cxb4+ Kxb4 38.Rf4+ Kc5 39.Rxg4 Nxg4 40.Bxg4 Rxh2 41.Rd1 R8h4
42.Bf5 b5 43.Nc2 Rf4 44.Bd3 Rf3 45.Kb2 b4 46.Kb3 Rh4 47.Rd2 Rc4 48.Kb2 Rc3
49.Ne1 Re3 50.Be2 Rb3+ 51.Kc1 Rec3+ 52.Rc2 Kd4 53.Kd2 Ra3 54.Rb2 b3 55.Nf3+ Rxf3
56.Bxf3 Ra2 57.Kc1 Kc3 58.Rxb3+ Kxb3  1/2-1/2

[Event "Extraliga CZE 2004-5"]
[Site "Czech Rep CZE"]
[Date "2005.02.20"]
[Round "7"]
[White "Jirovsky,Pa"]
[Black "Malik,J"]
[Result "1/2-1/2"]
[WhiteElo "2378"]
[BlackElo "2240"]

1.d4 Nf6 2.Bg5 Ne4 3.h4 d5 4.Nd2 Bf5 5.Nxe4 Bxe4 6.f3 Bf5 7.g4 Bc8 8.Qd2 c6
9.O-O-O Qb6 10.h5 h6 11.Bh4 a5 12.e3 Na6 13.Kb1 Bd7 14.Ne2 e6 15.Nc1 Qb4
16.c3 Qd6 17.Bd3 c5 18.Bc2 c4 19.e4 Bc6 20.exd5 Bxd5 21.Ba4+ Bc6 22.Bxc6+ bxc6
23.f4 Nc7 24.f5 Be7 25.fxe6 Nxe6 26.Bxe7 Kxe7 27.Rhe1 Rhd8  1/2-1/2

[Event "3rd Breizh Masters"]
[Site "Guingamp FRA"]
[Date "2005.02.21"]
[Round "4"]
[White "Terrieux,K"]
[Black "Sulypa,A"]
[Result "1/2-1/2"]
[WhiteElo "2223"]
[BlackElo "2497"]

1.d4 Nf6 2.Bg5 Ne4 3.Bf4 c5 4.f3 Nf6 5.d5 Qb6 6.e4 d6 7.Nd2 Nbd7 8.Nc4 Qc7
9.a4 g6 10.Bd3 Bg7 11.c3 O-O 12.Ne2 Ne5 13.Be3 Nfd7 14.Nxe5 Nxe5 15.O-O e6
16.Bc2 exd5 17.Qxd5 Be6 18.Qd1 Nc4 19.Bc1 Qb6 20.Rb1 Ne5 21.Kh1 Ba2 22.Ra1 Bc4
23.b3 Ba6 24.Rb1 Bxe2 25.Qxe2 Rfe8 26.Be3 Qc7  1/2-1/2

[Event "3rd Breizh Masters"]
[Site "Guingamp FRA"]
[Date "2005.02.25"]
[Round "8"]
[White "Tripoteau,N"]
[Black "Verat,L"]
[Result "0-1"]
[WhiteElo "2250"]
[BlackElo "2357"]

1.d4 Nf6 2.Bg5 Ne4 3.Bf4 c5 4.f3 Qa5+ 5.c3 Nf6 6.d5 Qb6 7.Bc1 e6 8.c4 exd5
9.cxd5 d6 10.e4 g6 11.Na3 Bg7 12.Bb5+ Bd7 13.Nc4 Qc7 14.a4 O-O 15.Bf4 Ne8
16.Ne2 a6 17.Bxd7 Nxd7 18.O-O Nb6 19.Ne3 Nf6 20.a5 Nc8 21.Nc4 Nh5 22.Bd2 Na7
23.g4 Nf6 24.Bf4 Ne8 25.Rc1 Qe7 26.Ng3 Nb5 27.Re1 Qf6 28.Qd2 Nd4 29.Qe3 g5
30.Nh5 Qe7 31.Bg3 Nc2 32.Qd2 Nxe1 33.Rxe1 Bd4+ 34.Kg2 f6 35.h4 h6 36.f4 Rd8
37.fxg5 hxg5 38.hxg5 fxg5 39.e5 dxe5 40.Bxe5 Rf2+  0-1

[Event "IBAR Inv"]
[Site "Santa Monica USA"]
[Date "2005.02.26"]
[Round "7"]
[White "Georgiev,Vl"]
[Black "Banawa,J"]
[Result "1-0"]
[WhiteElo "2517"]
[BlackElo "2319"]

1.d4 Nf6 2.Bg5 Ne4 3.Bf4 d5 4.e3 g6 5.Nf3 Bg7 6.c4 c6 7.Nc3 O-O 8.Qb3 Qa5
9.Be2 g5 10.Bg3 h6 11.cxd5 Nxc3 12.Qxc3 Qxd5 13.Bc4 Qf5 14.Bd3 Qd5 15.Bc4 Qf5
16.O-O c5 17.Bd3 cxd4 18.exd4 Qd5 19.Rfe1 Nc6 20.Be4 Qd8 21.Rad1 Bg4 22.Qa3 Bxf3
23.Bxf3 Bxd4 24.Qa4 e5 25.Bxc6 bxc6 26.Bxe5 c5 27.Bxd4 cxd4 28.h4 Re8 29.Rxe8+ Qxe8
30.Qxd4 Qe6 31.hxg5 hxg5 32.Qc5 f6 33.Rd6  1-0

[Event "TCh-BEL 2004-5"]
[Site "Belgium BEL"]
[Date "2005.03.06"]
[Round "10"]
[White "Goossens,E"]
[Black "Michiels,R"]
[Result "1-0"]
[WhiteElo "2283"]
[BlackElo "2267"]

1.d4 Nf6 2.Bg5 Ne4 3.Bf4 d5 4.e3 c5 5.Bd3 cxd4 6.Bxe4 dxe4 7.Qxd4 Qa5+ 8.Qc3 Qxc3+
9.Nxc3 Nc6 10.O-O-O e5 11.Bg3 Bg4 12.Rd5 Be6 13.Rxe5 Nxe5 14.Bxe5 f6 15.Bd4 Kf7
16.Nge2 f5 17.Nf4 Bd6 18.Nh5 Rhg8 19.Rd1 a6 20.Nxg7 Rad8 21.Nxe6 Kxe6 22.g3 b5
23.a3 Rd7 24.Ne2 Rc8 25.Bc3 Rdc7 26.Nd4+ Kf7 27.Ba5 Rc4 28.b3 R4c5 29.Bb4 Rd5
30.Bxd6 Rxd6 31.Nxf5 Rxd1+ 32.Kxd1 Kf6 33.Nd4 Kg5 34.h3 Rd8 35.Ke2 Rd6 36.f4+ exf3+
37.Kxf3 Rf6+ 38.Ke2 Rh6 39.Nf3+ Kf5 40.g4+ Ke4 41.Ng5+ Kd5 42.Kd3 Rd6 43.Nxh7 Ke5+
44.Kc3 Ke4 45.Kb4 Kxe3 46.g5 Kf4 47.Kc5 Rg6 48.h4 Kg4 49.Nf8 Rg8 50.Ne6 Kxh4
51.c4 bxc4 52.bxc4 Rb8 53.Kd6 Rb6+ 54.Kd5 Kh5 55.c5 Rb3 56.c6 Rxa3 57.c7 Rd3+
58.Kc6  1-0

[Event "ch-BLR"]
[Site "Minsk BLR"]
[Date "2005.03.10"]
[Round "7"]
[White "Trifonov,D"]
[Black "Azarov,S"]
[Result "0-1"]
[WhiteElo "2347"]
[BlackElo "2565"]

1.d4 Nf6 2.Bg5 Ne4 3.Bf4 c5 4.f3 Qa5+ 5.c3 Nf6 6.Nd2 cxd4 7.Nb3 Qd8 8.Qxd4 Nc6
9.Qd2 e5 10.Bg5 h6 11.Bxf6 Qxf6 12.e4 Be7 13.Bc4 Qg6 14.h4 h5 15.O-O-O d6
16.Ne2 Be6 17.Bxe6 fxe6 18.g3 O-O-O 19.c4 Kb8 20.Na5 Rc8 21.Nxc6+ Rxc6 22.b3 d5
23.Qb2 dxc4 24.Qxe5+ Ka8 25.Kb1 Bf6 26.Qb5 cxb3 27.axb3 Qe8 28.Qb4 Rb6 29.Qc4 Qe7
30.Rc1 Rb8 31.Rc3 Rc6 32.Qd3 Bxc3 33.Nxc3 Rd8 34.Qe3 Qa3 35.Na2 Ra6 36.Rh2 Rd1+
37.Kc2 Qxa2+ 38.Kxd1 Qxh2 39.Qd4 Ra1+  0-1

[Event "FSIMA March"]
[Site "Budapest HUN"]
[Date "2005.03.12"]
[Round "8"]
[White "Boguszlavszkij,J"]
[Black "Brustkern,J"]
[Result "1-0"]
[WhiteElo "2314"]
[BlackElo "2251"]

1.d4 Nf6 2.Bg5 Ne4 3.Bf4 c5 4.f3 Nf6 5.d5 Qb6 6.e4 Qxb2 7.Nd2 d6 8.Bd3 Qb6
9.Ne2 g6 10.Nc4 Qd8 11.Rb1 Bg7 12.Qd2 Nbd7 13.Bh6 O-O 14.h4 a6 15.Bxg7 Kxg7
16.h5 b5 17.Ne3 Kh8 18.hxg6 fxg6 19.c4 Ne5 20.f4 Nxd3+ 21.Qxd3 Qa5+ 22.Kf2 Bd7
23.g3 Rab8 24.Kg2 bxc4 25.Qxc4 Qd2 26.Nf1 Qa5 27.Ne3 Bb5 28.Qc2 Ba4 29.Qc3 Qxc3
30.Nxc3 Bd7 31.e5 Ng4 32.Nxg4 Bxg4 33.Rhe1 Bf5 34.Rxb8 Rxb8 35.Kf3 h5 36.Ne4 Rb2
37.exd6 exd6 38.Nxd6 Bg4+ 39.Ke4 Rxa2 40.Ke5 Rd2 41.Ne4 Rd3 42.Nf2 Rxg3 43.Nxg4 hxg4
44.Rd1 Re3+ 45.Kf6 Re8 46.Kf7  1-0

[Event "Third Sat A"]
[Site "Novi Sad SCG"]
[Date "2005.03.19"]
[Round "1"]
[White "Lundin,J"]
[Black "Zlatic,M"]
[Result "0-1"]
[WhiteElo "2274"]
[BlackElo "2451"]

1.d4 Nf6 2.Bg5 Ne4 3.Bf4 d5 4.e3 e6 5.Bd3 Nf6 6.Nd2 Be7 7.g4 c5 8.g5 Nfd7
9.c3 Bxg5 10.Bxg5 Qxg5 11.Ngf3 Qe7 12.Rg1 c4 13.Bc2 f5 14.b3 b5 15.a4 cxb3
16.Bxb3 bxa4 17.Rxa4 O-O 18.Qa1 Nc6 19.c4 Nb6 20.cxd5 exd5 21.Ne5 Nxe5 22.dxe5 Nxa4
23.Bxd5+ Be6 24.Bxa8 Qb4 25.Bc6 Nc5 26.Qxa7 g6 27.Qc7 Rc8 28.Qd6 Qa5 29.Bd5 Nd3+
30.Ke2 Bxd5 31.Rxg6+ hxg6 32.Qxg6+ Kf8 33.Qxf5+ Ke7 34.Qxc8 Nxe5 35.e4 Qb5+
36.Kd1 Be6 37.Qc7+ Kf6 38.Qd8+ Kf7 39.Qc7+ Kf6 40.Qd6 Kf7 41.Qc7+ Ke8 42.f4 Bg4+
43.Kc2 Qd3+ 44.Kc1 Qa3+ 45.Kc2 Qa2+ 46.Kc3 Qa1+ 47.Kb4 Nd3+ 48.Kb5 Bd7+ 49.Kb6 Qb2+  0-1

[Event "TCh-BEL 2004-5"]
[Site "Belgium BEL"]
[Date "2005.03.20"]
[Round "11"]
[White "Groffen,H"]
[Black "Decoster,F"]
[Result "1/2-1/2"]
[WhiteElo "2220"]
[BlackElo "2135"]

1.d4 Nf6 2.Bg5 Ne4 3.Bf4 c5 4.f3 Qa5+ 5.c3 Nf6 6.Nd2 cxd4 7.Nb3 Qb6 8.Qxd4 Nc6
9.Qxb6 axb6 10.Nd4 Nxd4 11.cxd4 Nd5 12.Bd2 e6 13.a3 Nb4 14.Rc1 Nc6 15.e3 d5
16.Bd3 Bd7 17.Ne2 Na5 18.Bxa5 bxa5 19.Nc3 Bd6 20.O-O Ke7 21.Rfe1 Rhc8 22.Nb5 Bxb5
23.Bxb5 Kd8 24.Ba4 Rxc1 25.Rxc1 Rc8 26.Rxc8+  1/2-1/2

[Event "ch-FAI"]
[Site "Oyrarbakka ch-FAI"]
[Date "2005.03.20"]
[Round "3"]
[White "Andreasen,Ja"]
[Black "Ziska,H"]
[Result "0-1"]
[WhiteElo "1993"]
[BlackElo "2129"]

1.d4 Nf6 2.Bg5 Ne4 3.Bf4 c5 4.dxc5 Nxc5 5.Nc3 Nc6 6.Nf3 g6 7.e4 Bg7 8.e5 Qa5
9.Qd2 Ne6 10.Bc4 Nxf4 11.Qxf4 Nxe5 12.Ng5 O-O 13.b4 Qc7 14.Nd5 Qxc4  0-1